000 00873nam a2200241 a 4500
001 000025341
005 20250210113909.0
008 110215s2004 dr 000 0 spa d
040 _aDO-SdBNP
_bspa
_cBNPHU
082 _a324.62
_bR175v
100 1 _aRamos, Salvador
_98373
245 1 3 _aEl voto del emigrante dominicano en el exterior /
_cSalvador Ramos ; Luis Arias Núñez.
260 _aSanto Domingo :
_bArtes gráficas,
_c2004.
300 _a234 p. ;
_c23 cm.
500 _aIncluye referencias bibliográficas y notas al pie de las páginas
504 _aBibliografía: p. 209-213
590 _aInventariado, 2019/MFF
650 4 _aVoto
_zRepública Dominicana
_951897
650 4 _aElecciones
_zRepública Dominicana
_92992
650 4 _aInmigrantes
_929113
700 1 2 _aArias, Luis,
_q(Arias Núñez)
_epról.
_99356
910 _aValidado. Control de calidad MFF
999 _c24833
_d24833